Sports Quiz

Random Sports or World Cup Quiz

Consecutive World Cup Teams Quiz Stats

 Plays Quiz Updated Jun 29, 2018

Score 0/14 Timer 02:00
17 Plays Today
Streak National team % Correct
21Brazil
98.6%
17Germany
96.7%
12Argentina
93.6%
14Italy
92.5%
6France
91.4%
11Spain
91%
6England
90.4%
Streak National team % Correct
7Mexico
77.8%
7United States
75.5%
5Portugal
75.3%
6Japan
69.7%
6Belgium
55.6%
9South Korea
54.3%
5Scotland
18.6%

You're not logged in!

Compare scores with friends on all Sporcle quizzes.
OR
Log In

Show Comments

Extras

Top Quizzes Today


Score Distribution

Your Account Isn't Verified!

In order to create a playlist on Sporcle, you need to verify the email address you used during registration. Go to your Sporcle Settings to finish the process.

Report this User

Report this user for behavior that violates our Community Guidelines.

Details: